1855 1617 1120 1137 1593 1215 1965 1860 1079 1755 1221 1935 1056 1468 1110 1517 1987 1932 1042 1973 1775 1886 1675 1307 1080 1075 1948 1963 1136 1061 1238 1211 1713 1331 1211 1390 1492 1725 1021 1923 1094 1404 1007 1045 1797 1391 1685 1259 1745 1152 1895 1942 1818 1555 1698 1942 1474 1834 1713 1627 1987 1543 1620 1069 1394 1320 1764 1676 1928 1422 1708 1417 1710 1664 1131 1931 1308 1790 1277 1293 1080 1960 1876 1426 1866 1429 1211 1756 1097 1343 1711 1346 1748 1948 1995 1695 1855 1920 1290 BCNSPRNW ULIB Ver.6.0+V

เปลี่ยนเป็นภาษาไทย

Change to English
 แสดงรายละเอียดบรรณานุกรม
  กลับหน้าหลัก

Brief Record : Get Marc (ISO 2709) : E-mail record : QR code < ปิดหน้าต่าง
LEADER : 00000nam 2200000uu 4500
001    13399125613
003     ULIB
008    170711s2558||||th 000 0 tha d
020    ^a9786163447166
060  0 ^aWB890^bจ285ศ
100 0  ^aจันทิมา น่วมศรีนวล
245 00 ^aศาสตร์ทางเลือกฟื้นฟูสุขภาพด้วยตนเอง /^cจันทิมา น่วมศรีนวล
260    ^aกรุงเทพฯ : ^bคลื่นอักษร,^c2558
300    ^a160 หน้า ;^c21 ซม.
650  0 ^aสุขภาพ^xแพทย์ทางเลือก
945    ^p0^l0^i002567
999    ^aประนอม เกษจรัล
รายการนี้ยังไม่มีแท็ก
คุณยังไม่ได้ล็อกอิน คุณสามารถมีกิจกรรมร่วมกับเว็บไซต์ได้ แต่ต้องล็อกอินก่อน ::
  ล็อกอิน

รายการสื่อสารสนเทศ

ลำดับที่ ประเภท เลขเรียก/บาร์โค้ด สถานที่ สถานะ
1. วิทยาศาสตร์การแพทย์ และสุขภาพ
วิทยาศาสตร์การแพทย์ และสุขภาพ
สถานะ=หนังสือเก่า
WB890 จ285ศ ฉ.1 
  Barcode: 002567
ห้องสมุดวิทยาเขตสวรรค์ประชารักษ์
►ส่วนจัดเก็บหนังสือเก่า สปร
บนชั้น
  ขอยืม

รายการใกล้เคียง
    ผู้แต่ง [จันทิมา น่วมศรีนวล]

BibComment


ยังไม่เคยถูกคอมเมนท์

คอมเมนท์ทรัพยากรรายการนี้
  คอมเมนท์: ศาสตร์ทางเลือกฟื..


 Copyright 2026. Bcnsprnw @Library